Rūdolfa Blaumaņa daiļrade Lietuvā

Titel: Rūdolfa Blaumaņa daiļrade Lietuvā / Laimute Adomavičiene
Verfasser:
In: Rūdolfs Blaumanis: teksts un konteksts, (2013), Seite 289-297
alle Artikel anzeigen
Veröffentlicht: 2013
Format: Aufsatz
Sprache: Lettisch
Schlagworte:
Kein Bild verfügbar
X
alg: 46976825
001A    $03025:23-09-20 
001B    $01999:24-09-20 $t22:47:09.000 
001D    $03025:23-09-20 
001U    $0utf8 
001X    $00 
002@    $0Aou 
002C    $aText $btxt $2rdacontent 
002D    $aohne Hilfsmittel zu benutzen $bn $2rdamedia 
002E    $aBand $bnc $2rdacarrier 
003@    $0469768258 
007A    $0469768258 $aHEB 
010@    $alav 
010E    $erda 
011@    $a2013 $n2013 
021A    $aRūdolfa Blaumaņa daiļrade Lietuvā $hLaimute Adomavičiene 
028A    $BVerfasser $4aut $8Adomavičienė, Laimutė [Tnu] $9469768185 
031A    $g9 $h289-297 $j2013 
039B    $aEnthalten in $8--Aau--. Rūdolfs Blaumanis: teksts un konteksts. - Rīga : LU Akadēmiskais apgāds, 2013. - 486 Seiten. - Illustrationen, Karten. - ISBN 978-9984-45-781-9 $x201300000000000711 $9462979644 
044K    $#Blauman, R. $#Blauman, Rudolʹf $#Blaumanis, Rudolʹf $#Blaumann, Rudolf $7118511610 $8Blaumanis, Rūdolfs$Z1863-1908 [Tp1] $9086852744 
044K    $RLitovskaja Gubernija $RLitauische Sozialistische Sowjetrepublik $#Litauen $#Litauen $#Lithuania $#Lietuvos Respublika $#République Lithuanienne $#Lithuanie $#Litva 1918 - 1940, 1991, 9 - $#Litovskaja Respublika $#Lithuania 1918 - 1940, 1991, 9 - $#Republik Litauen $#Republic of Lithuania $#Lithuanian Republic $#Litauische Republik $#Lietuva $74074266-0 $8Litauen [Tg1] $9085209074 
044K    $RAutor $RLiteratur $RSchriftstellerin $#Novelists $#Romanciers $#Authors $#Écrivains $#Dichter $#Literaturproduzent $#Literat $#Homme de lettres $74053309-8 $8Schriftsteller [Tsz] $9085148040 
044K    $RAuswirkung $RFortleben $#Influence (Literary, artistic, etc.) $#Influence littéraire, artistique, etc. $#Fortwirken $#Nachwirkung Rezeption $#Nachleben $#Wirkungsgeschichte $#Aneignung Rezeption $74049716-1 $8Rezeption [Tsz] $9085138584 
044K    $RÜbersetzungswissenschaft $#Translating $#Translations $#Traduction $#Traductions $#Traduzioni $#Traducciones $#Übersetzung $#Übersetzung $#Sprachübersetzung $#Translation Übersetzung $#Textübersetzung $#Übersetzen $#Übertragung Übersetzung $#Sprachmitteln Übersetzung $#Sprachmittlung Übersetzung $74061418-9 $8Übersetzung [Tsz] $9085170585 
045F    $a809 $eDDC23BSB 
045F/01 $a809 
045F/03 $f0904 
045F/03 $g4796 
045F/03 $g4793 
045R    $aIdeengeschichte 1908-2012 
046L    $aEnglische Zusammenfassung unter dem Titel: Rūdolfs Blaumanis reception in Lithuania 

lok: 46976825 78

exp: 46976825 78 1 #EPN
201B/01 $023-09-20 $t13:06:56.000 
201C/01 $023-09-20 
201U/01 $0utf8 
203@/01 $0112382861X 
208@/01 $a23-09-20 $be 
209A/01 $a/ $f000 $x00 
209A/01 $ab*p $x01 
220C/01 $akoe 
247C/01 $82080>Marburg/Lahn, Herder-Institut, Forschungsbibliothek, Bibliographieportal $9336309341
LEADER 00000caa a2200000 c 4500
001 469768258
003 DE-603
005 20200924224709.0
007 tu
008 200923s2013 xx |||| | u00||u|lav c
035 |a (DE-599)HEB469768258 
040 |a DE-603  |b ger  |c DE-603  |d DE-603  |e rda 
041 |a lav 
082 0 4 |8 1\u  |a 809  |q DE-101  |2 23/BSB 
085 |8 1\u  |b 809 
085 |8 1\u  |z 1  |s 0904 
085 |8 1\u  |z 2  |s 4796 
085 |8 1\u  |z 2  |s 4793 
100 1 |a Adomavičienė, Laimutė  |e Verfasser  |4 aut  |0 (DE-603)469768185 
245 0 0 |a Rūdolfa Blaumaņa daiļrade Lietuvā  |c Laimute Adomavičiene 
264 0 |c 2013 
336 |a Text  |b txt  |2 rdacontent 
337 |a ohne Hilfsmittel zu benutzen  |b n  |2 rdamedia 
338 |a Band  |b nc  |2 rdacarrier 
546 |a Englische Zusammenfassung unter dem Titel: Rūdolfs Blaumanis reception in Lithuania 
600 1 7 |a Blaumanis, Rūdolfs  |d 1863-1908  |0 (DE-588)118511610  |0 (DE-603)086852744  |2 gnd 
648 7 |a Ideengeschichte 1908-2012  |2 gnd 
650 7 |a Schriftsteller  |0 (DE-588)4053309-8  |0 (DE-603)085148040  |2 gnd 
650 7 |a Rezeption  |0 (DE-588)4049716-1  |0 (DE-603)085138584  |2 gnd 
650 7 |a Übersetzung  |0 (DE-588)4061418-9  |0 (DE-603)085170585  |2 gnd 
651 7 |a Litauen  |0 (DE-588)4074266-0  |0 (DE-603)085209074  |2 gnd 
773 0 8 |i Enthalten in  |t Rūdolfs Blaumanis: teksts un konteksts  |d Rīga : LU Akadēmiskais apgāds, 2013  |h 486 Seiten, Illustrationen, Karten  |z 9789984457819  |g (2013), Seite 289-297  |w (DE-603)462979644 
924 0 |9 2080  |a (DE-603)112382861X  |b DE-2080  |c HES  |d d  |g /